| 000 | 00534nam a2200193Ia 4500 | ||
|---|---|---|---|
| 005 | 20260120125924.0 | ||
| 008 | 008 260114s9999 xx 000 0 eng d | ||
| 020 | _a9780199081059 | ||
| 037 | _aEBOOK | ||
| 040 |
_aCRL _beng _cCRL |
||
| 041 |
_aeng _2eng |
||
| 084 | _qCRL | ||
| 100 |
_aBaxi, Upendra _9908954 |
||
| 245 | 4 | _aThe future of human rights | |
| 260 |
_bOUPOxford University Press _c2008 |
||
| 856 | _uhttp://dx.doi.org/10.1093/acprof:oso/9780195690439.001.0001 | ||
| 942 | _cEBOOK | ||
| 999 |
_c1500850 _d1500850 |
||